Financiamiento de las cuentas de ahorro reajustable del Banco del Estado

Uloženo v:
Podrobná bibliografie
Hlavní autor: Baeza Valdés, Sergio (Autor)
Médium: Kniha
Jazyk:španělština
Vydáno: Santiago Pontificia Universidad Católica de Chile 1975
Edice:Documento de Trabajo, 40
Témata:
Tagy: Přidat tag
Žádné tagy, Buďte první, kdo vytvoří štítek k tomuto záznamu!

MARC

LEADER 00000nam a2200000 a 4500
001 UCR9434
003 CL-VaPUC
008 980613e19751200CL |||||||||||||||||spa|d
082 0 4 |a 332.21  |b BAE  |2 21 
100 0 |a Baeza Valdés, Sergio  |e author  |9 411972 
245 1 0 |a Financiamiento de las cuentas de ahorro reajustable del Banco del Estado 
300 |a 19 p 
942 |c BK 
945 |d 19980613 00:00:00  |a crobeson 
260 |a Santiago  |b Pontificia Universidad Católica de Chile  |c 1975 
600 0 7 |a BANCO DEL ESTADO DE CHILE  |2 CL-VaPUC  |9 330951 
650 0 |a Ahorro  |9 351157 
650 7 |a FINANCIAMIENTO  |2 CL-VaPUC  |9 358995 
650 7 |a POLITICAS MONETARIAS  |2 CL-VaPUC  |9 410781 
651 7 |a CHILE  |2 CL-VaPUC  |9 411973 
583 |a last modification  |c 19980613 00:00:00  |k Rodrigo Vera 
490 0 |a Documento de Trabajo, 40 
999 |c 270629  |d 270627